| 000 | 00402cam a2200145ua 4500 | ||
|---|---|---|---|
| 082 |
_a375.6137 _bVOL/OR |
||
| 100 |
_aVoltmer, Edward F . _91460 |
||
| 245 | _aOrganization and Administration of Physical Education / | ||
| 250 | _a3 / | ||
| 260 |
_aBombay : _bThe Times of India Press , _c1964. |
||
| 300 | _a558 ; . | ||
| 500 | _a**Reference | ||
| 700 | 1 |
_aEsslinger , Arthur A . _91461 |
|
| 942 | _cBK | ||
| 999 |
_c7924 _d7924 |
||